Revenue administration in Assam (Record no. 6225)

MARC details
000 -LEADER
fixed length control field 00475cam a2200193ua 4500
001 - CONTROL NUMBER
control field 7103
005 - DATE AND TIME OF LATEST TRANSACTION
control field 20260515114144.0
008 - FIXED-LENGTH DATA ELEMENTS--GENERAL INFORMATION
fixed length control field 141125n ii |||gr||||Z||||||eng
040 ## - CATALOGING SOURCE
Transcribing agency MAIN
041 ## - LANGUAGE CODE
Language code of text/sound track or separate title eng
082 ## - DEWEY DECIMAL CLASSIFICATION NUMBER
Classification number 336
100 ## - MAIN ENTRY--PERSONAL NAME
Personal name Gangopadhyay, D.K.,
Relator term Editor.
245 1# - TITLE STATEMENT
Title Revenue administration in Assam
Statement of responsibility, etc. Edited by D. K. Gangopadhyay
250 ## - EDITION STATEMENT
Edition statement 1st.
260 ## - PUBLICATION, DISTRIBUTION, ETC.
Place of publication, distribution, etc. Guwahati:
Name of publisher, distributor, etc. Govt. of Assam,
Date of publication, distribution, etc. 1990.
300 ## - PHYSICAL DESCRIPTION
Extent viii,237p.
653 ## - INDEX TERM--UNCONTROLLED
Uncontrolled term Revenue
942 ## - ADDED ENTRY ELEMENTS (KOHA)
Koha item type Books
Holdings
Withdrawn status Lost status Damaged status Not for loan Home library Current library Shelving location Date acquired Total checkouts Full call number Barcode Date last seen Copy number Price effective from Koha item type
        Naharkatiya College Library Naharkatiya College Library General stacks 09/19/2020   336.0215416 | REV 22327 09/19/2020 1 09/19/2020 Books